000 00525nam a2200217Ia 4500
003 OSt
005 20221005120033.0
006 a|||||r|||| 00| 0
007 ta
008 221004b |||||||| |||| 00| 0 guj d
024 _a46850
037 _cTextual
040 _aCRL
_cCRL
_bguj
041 _2guj
_aguj
082 _aO156,6M68x, J1
245 0 _aD.P.JHAVAR LEKH SANGARH
260 _c1956
650 _aGUJRATI LITERATURE
942 _hO156,6M68x, J1
_cTEXL
_2cc
999 _c1036661
_d1036661